000 01258nam0a22002771 4500
001 rc\3595226
005 20130115142605.5
021 _aRU
_b[73-177]
035 _a(NLR Aleph) 007810359
090 _a7711507
_c7711507
100 _a20130115d1972 |||y0rusy50 ca
101 0 _arus
102 _aRU
105 _ay g |||||
200 1 _aПринципы и методы разработки тематического плана комплектования справочно-информационных фондов
_eМетод. рекомендации
_fГос. ком. Совета Министров СССР по науке и технике. Гос. публ. науч.-техн. б-ка СССР
210 _aМосква
_cБ. и.
_d1972
215 _a68 с.
_d21
300 _aНа обороте тит. л. сост.: П.К. Усиков
606 _aСправочно-информационные фонды
_xКомплектование
_2psbo
702 1 _aУсиков
_bП. К.
_4220
712 0 2 _aПубличная научно-техническая библиотека СССР
_3RU\NLR\AUTH\888825
_4070
801 0 _aRU
_bNLR
_gpsbo
801 1 _aRU
_bELAR
_2rusmarc
852 _aNLR
_jБ Б135/П-767
942 _cBOOK
980 _aNB